| 000 | 00541cam a22001457a 4500 | ||
|---|---|---|---|
| 008 | 180718b2001 xxu||||| |||| 00| 0 eng d | ||
| 082 | _aT39 D535 | ||
| 100 | _aDhar, Biswajit | ||
| 245 |
_aThe European Union and developing countries' non-trade concerns: an uneasy alliance? _cby Biswajit Dhar and Aileen Kwa |
||
| 260 |
_aNew Delhi _bResearch and Information System for the Non-Aligned and Other Developing Countries _c2001 |
||
| 300 | _a96p. | ||
| 650 | _aWorld Trade Organization | ||
| 650 | _aInternational trade | ||
| 700 | _aKwa, Aileen | ||
| 999 |
_c491995 _d491995 |
||